|
|
|
|
| LEADER |
02400nam a2200649 4500 |
| 001 |
ocn911618368 |
| 003 |
OCoLC |
| 005 |
20170124070347.5 |
| 006 |
m o d |
| 007 |
cr ||||||||||| |
| 008 |
150623s2016 enk ob 001 0 eng |
| 010 |
|
|
|a 2015025123
|
| 040 |
|
|
|a DLC
|b eng
|e rda
|c DLC
|d YDX
|d OCLCF
|d N$T
|d DG1
|d CUS
|d YDXCP
|d IDEBK
|d WAU
|d CDX
|d DEBBG
|d KSU
|d GrThAP
|
| 019 |
|
|
|a 922917227
|
| 020 |
|
|
|a 9781118726662 (pdf)
|
| 020 |
|
|
|a 1118726669 (pdf)
|
| 020 |
|
|
|a 9781118726686 (epub)
|
| 020 |
|
|
|a 1118726685 (epub)
|
| 020 |
|
|
|z 9781118726792 (cloth)
|
| 020 |
|
|
|a 9781118726761
|
| 020 |
|
|
|a 1118726766
|
| 020 |
|
|
|z 1118726790
|
| 029 |
1 |
|
|a AU@
|b 000054990346
|
| 029 |
1 |
|
|a CHVBK
|b 354130625
|
| 029 |
1 |
|
|a CHBIS
|b 010473305
|
| 029 |
1 |
|
|a GBVCP
|b 838920403
|
| 029 |
1 |
|
|a DEBBG
|b BV043397908
|
| 035 |
|
|
|a (OCoLC)911618368
|z (OCoLC)922917227
|
| 042 |
|
|
|a pcc
|
| 050 |
1 |
0 |
|a HV5801
|
| 072 |
|
7 |
|a POL
|x 027000
|2 bisacsh
|
| 072 |
|
7 |
|a POL
|x 019000
|2 bisacsh
|
| 082 |
0 |
0 |
|a 362.29
|2 23
|
| 049 |
|
|
|a MAIN
|
| 245 |
0 |
4 |
|a The handbook of drugs and society /
|c edited by Henry H. Brownstein.
|
| 264 |
|
1 |
|a Chichester, West Sussex, UK ;
|a Hoboken, NJ :
|b Wiley Blackwell,
|c 2016.
|
| 300 |
|
|
|a 1 online resource.
|
| 336 |
|
|
|a text
|2 rdacontent
|
| 337 |
|
|
|a computer
|2 rdamedia
|
| 338 |
|
|
|a online resource
|2 rdacarrier
|
| 490 |
1 |
|
|a Wiley handbooks in criminology and criminal justice
|
| 504 |
|
|
|a Includes bibliographical references and index.
|
| 588 |
|
|
|a Description based on print version record and CIP data provided by publisher.
|
| 650 |
|
0 |
|a Drug abuse.
|
| 650 |
|
0 |
|a Drug control.
|
| 650 |
|
0 |
|a Drug legalization.
|
| 650 |
|
7 |
|a Drug abuse.
|2 fast
|0 (OCoLC)fst00898480
|
| 650 |
|
7 |
|a Drug control.
|2 fast
|0 (OCoLC)fst01032891
|
| 650 |
|
7 |
|a Drug legalization.
|2 fast
|0 (OCoLC)fst00898683
|
| 650 |
|
7 |
|a POLITICAL SCIENCE / Public Policy / Social Security
|2 bisacsh
|
| 650 |
|
7 |
|a POLITICAL SCIENCE / Public Policy / Social Services & Welfare
|2 bisacsh
|
| 655 |
|
4 |
|a Electronic books.
|
| 700 |
1 |
|
|a Brownstein, Henry H.
|
| 776 |
0 |
8 |
|i Print version:
|t Handbook of drugs and society
|d Chichester, West Sussex, UK ; Hoboken, NJ : John Wiley & Sons, Inc., 2016
|z 9781118726792
|w (DLC) 2015022949
|
| 830 |
|
0 |
|a Wiley handbooks in criminology and criminal justice.
|
| 856 |
4 |
0 |
|u https://doi.org/10.1002/9781118726761
|z Full Text via HEAL-Link
|
| 994 |
|
|
|a 92
|b DG1
|